[Event "Tch-SWE 2002-3"]
[Site "Sweden SWE"]
[Date "2003.03.16"]
[Round "11"]
[White "Sjoberg,M"]
[Black "Ahlander,B"]
[Result "1-0"]
[WhiteElo "2330"]
[BlackElo "2389"]

1.d4 Nf6 2.c4 e6 3.Nf3 Bb4+ 4.Nbd2 d5 5.e3 O-O 6.Qc2 b6 7.b3 Bb7 8.Bd3 dxc4
9.bxc4 c5 10.O-O Nbd7 11.Bb2 cxd4 12.exd4 Qc7 13.Rac1 Qf4 14.Rcd1 Rfd8 15.Bc1 Qc7
16.h3 h6 17.Bb2 Rac8 18.Qb3 Ba5 19.Be2 Nh5 20.Rfe1 Nf4 21.Bf1 b5 22.c5 Bd5
23.Qe3 Nf6 24.Ne5 g5 25.g3 N4h5 26.Bc3 b4 27.Bb2 Ng7 28.Bc4 Qb7 29.Qe2 Qe7
30.Bxd5 Rxd5 31.Qa6 Qd8 32.Ndc4 Rcxc5 33.Nc6 Rxc6 34.Qxc6 Nf5 35.Ne3 Nxe3
36.Rxe3 Bb6 37.Qc4 Rd7 38.Ree1 Nd5 39.Qd3 Qf6 40.Kg2 Kg7 41.Rc1 Rd8 42.Rc2 Qe7
43.Qf3 Kg8 44.h4 Kg7 45.hxg5 hxg5 46.Rh1 Qf6 47.Qg4 Qg6 48.Rhc1 f5 49.Qe2 Qf6
50.Rc6 Re8 51.Re1 f4 52.Qg4 Kf7 53.Qh5+ Kf8 54.Re5 fxg3 55.fxg3 g4 56.Qxe8+ Kxe8
57.Rexe6+ Qe7 58.Rxe7+ Kxe7 59.Kf2 a5 60.Rg6 Nf6 61.Ke3 Kf7 62.Rg5 Bc7 63.d5 Bb6+
64.Kd3 Nd7 65.Rxg4 Bc7 66.Rg7+ Ke8 67.Ke4 Bd6  1-0

[Event "National I"]
[Site "Besancon FRA"]
[Date "2003.04.07"]
[Round "7"]
[White "Levacic,D"]
[Black "Franc,N"]
[Result "1-0"]
[WhiteElo "2296"]
[BlackElo "2098"]

1.d4 Nf6 2.Nf3 e6 3.c4 Bb4+ 4.Nbd2 O-O 5.a3 Bxd2+ 6.Bxd2 Ne4 7.Be3 b6 8.g3 Bb7
9.Bg2 f5 10.Qc2 Qe8 11.Rd1 d6 12.O-O Nd7 13.b4 Ndf6 14.Ne1 Qh5 15.f3 Rab8
16.Nd3 Ng5 17.h4 Nf7 18.Nf4 Qh6 19.Nd5 g5 20.Nxc7 Rfc8 21.hxg5 Nxg5 22.Qd2 Nh3+
23.Bxh3 Qxh3 24.Rf2 Ng4 25.Nxe6 Nxf2 26.Bxf2 Qh5 27.Rc1 Re8 28.d5 Rbc8 29.Qf4 Ba6
30.b5 Bb7 31.Qxd6 Qh6 32.Rc2 Bxd5 33.Qxd5 Qxe6 34.Qxe6+ Rxe6 35.a4 Re7 36.a5 bxa5
37.c5 Re5 38.Ra2 a4 39.Rxa4 Rc7 40.Kf1 Kf7 41.g4 Rd5 42.Rf4 Kg6 43.gxf5+ Rxf5
44.Rb4 h5 45.Kg2 Rcf7 46.c6 Re5 47.Rb2 Ree7 48.Bc5 Re8 49.e4 Kf6 50.Ra2 Rb8
51.Ra5 Ra8 52.Kf2 Ke6 53.Ke3 Rb8 54.f4 h4 55.f5+ Kf6 56.Kf4 h3 57.Bd4+ Ke7
58.Rxa7+ Ke8 59.Rxf7 Kxf7 60.Kg3 Rxb5 61.c7 Rb3+ 62.Kh2  1-0

[Event "6th St Quentin Open"]
[Site "Elancourt FRA"]
[Date "2003.04.17"]
[Round "7"]
[White "Verat,L"]
[Black "Strugnell,C"]
[Result "1-0"]
[WhiteElo "2357"]
[BlackElo "2108"]

1.d4 Nf6 2.c4 e6 3.Nf3 Bb4+ 4.Nbd2 c5 5.a3 Bxd2+ 6.Qxd2 cxd4 7.Nxd4 Nc6 8.g3 Qb6
9.Nb5 d5 10.Bg2 Na5 11.Qb4 Nxc4 12.b3 a6 13.bxc4 axb5 14.cxb5 Qa5 15.Qxa5 Rxa5
16.a4 Bd7 17.Bd2 Ra8 18.O-O O-O 19.Rfb1 Rfc8 20.Be3 Ne8 21.a5 Nd6 22.a6 bxa6
23.bxa6 Nc4 24.Bd4 Bc6 25.f4 f6 26.a7 Kf7 27.Ra6 Ke7 28.e4 Kd6 29.exd5 exd5
30.Rb7 Rc7 31.Bc5+  1-0

[Event "XXI Open"]
[Site "Metz FRA"]
[Date "2003.04.21"]
[Round "3"]
[White "Laurent,B"]
[Black "Ciuksyte,D"]
[Result "1/2-1/2"]
[WhiteElo "2321"]
[BlackElo "2375"]

1.d4 Nf6 2.c4 e6 3.Nf3 Bb4+ 4.Nbd2 O-O 5.a3 Bxd2+ 6.Bxd2 Ne4 7.Bf4 d6 8.e3 Nd7
9.Bd3 f5 10.Qc2 Ndf6 11.h3 b6 12.O-O-O Bb7 13.Rhg1 c6 14.Ng5  1/2-1/2

[Event "National I"]
[Site "Clermont-Ferrand FRA"]
[Date "2003.05.09"]
[Round "9"]
[White "Chabanon,JL"]
[Black "Miralles,G"]
[Result "1/2-1/2"]
[WhiteElo "2492"]
[BlackElo "2451"]

1.d4 Nf6 2.c4 e6 3.Nf3 Bb4+ 4.Nbd2 d5 5.Qa4+ Nc6 6.a3 Bxd2+ 7.Bxd2 Ne4 8.e3 O-O
9.Qc2 Nxd2 10.Qxd2 b6 11.b4 dxc4 12.Bxc4 Bb7 13.Qc2 a5 14.b5 Ne7 15.Bd3 Bxf3
16.gxf3 g6 17.Be4 Rc8 18.Rc1 Qd6 19.Bb7 Rb8 20.Qxc7 Qxa3 21.O-O Rfd8 22.Qxb6 Nd5
23.Qa6 Qe7 24.Bxd5 Qg5+ 25.Kh1 Qxd5 26.Qc6 Rxb5 27.Qxd5 Rdxd5 28.Rc8+ Kg7
29.f4 Rb2 30.Kg2 Rdb5 31.Rfc1 Ra2 32.R1c2 Rxc2 33.Rxc2 Rb7 34.Ra2 Ra7 35.Ra4 Kf6
36.Kf3 Ke7 37.Ke4 Kd6 38.Kd3 Kc6 39.Rc4+ Kb6 40.Kc3 a4 41.Kb4 a3 42.Rc1 Ra5
43.Kb3 Rh5 44.Rh1 Kc6 45.Kxa3 Kd5 46.Kb4 Ke4 47.Kc4 Kf3 48.h4 Rf5 49.Ra1 Kxf2
50.Kd3 Rb5 51.e4 Rb3+ 52.Kc4 Re3 53.Ra7 Rxe4 54.Rxf7 Ke3 55.Rxh7 Rxd4+ 56.Kc3 Rxf4
57.h5 gxh5 58.Rxh5 Rf5 59.Rh3+ Rf3 60.Rh1 e5 61.Re1+ Kf4+ 62.Kd2 Ra3 63.Rf1+ Ke4
64.Rb1 Ra2+ 65.Ke1 Kf4 66.Rb4+ e4 67.Rb3 Ra7  1/2-1/2

[Event "Capablanca Mem Premier II"]
[Site "Havana CUB"]
[Date "2003.05.17"]
[Round "12"]
[White "Baches Garcia,G"]
[Black "Hernandez,Hol"]
[Result "1-0"]
[WhiteElo "2397"]
[BlackElo "2413"]

1.Nf3 Nf6 2.d4 e6 3.c4 Bb4+ 4.Nbd2 O-O 5.g3 b6 6.Bg2 Bb7 7.O-O Bxd2 8.Qxd2 a5
9.b3 d6 10.Bb2 Nbd7 11.Rad1 Be4 12.Bh3 a4 13.b4 b5 14.c5 Bd5 15.a3 Ne4 16.Qc1 f5
17.Bg2 Qe7 18.Ne1 Nef6 19.f3 e5 20.dxe5 dxe5 21.Bh3 g6 22.Ng2 Rad8 23.Ne3 Bb3
24.Rd3 Rfe8 25.Bxf5 gxf5 26.Nxf5 Qf8 27.c6 Nb6 28.Qg5+ Kh8 29.Rxd8 Rxd8 30.Bxe5 Nd5
31.e4 h6 32.Qg6  1-0

[Event "17th Open"]
[Site "Pula CRO"]
[Date "2003.06.04"]
[Round "5"]
[White "Jankovic,A"]
[Black "Bogdanovski,V"]
[Result "1/2-1/2"]
[WhiteElo "2359"]
[BlackElo "2449"]

1.d4 Nf6 2.Nf3 e6 3.c4 Bb4+ 4.Nbd2 b6 5.a3 Bxd2+ 6.Qxd2 Bb7 7.e3 O-O 8.Bd3 c5
9.dxc5 bxc5 10.b4 a5 11.b5 d5 12.Bb2 Nbd7 13.O-O Nb6 14.Qe2 dxc4 15.Bxc4 Qe7
16.Ne5 Nfd5 17.Rac1 Rfc8 18.e4 Nf4 19.Qg4 Ng6 20.Nxg6 hxg6 21.Qg3 Re8 22.f3 a4
23.Ba2 Rac8 24.Rfd1 Nd7 25.Qd6 Nf6 26.Qxe7 Rxe7 27.Rc4 Rd7 28.Rxd7 Nxd7 29.Rxa4 Nb6
30.Ra7 Rc7 31.Kf2 Nc8 32.Ra5 Nb6 33.Bc1 Kf8 34.Bf4 Rd7 35.Be3 Rc7  1/2-1/2

[Event "17th Open"]
[Site "Pula CRO"]
[Date "2003.06.04"]
[Round "5"]
[White "Sarakauskas,G"]
[Black "Susak,Z"]
[Result "1-0"]
[WhiteElo "2396"]
[BlackElo "2179"]

1.d4 Nf6 2.Nf3 e6 3.c4 Bb4+ 4.Nbd2 b6 5.g3 Bb7 6.Bg2 O-O 7.O-O Re8 8.a3 Bf8
9.b4 a5 10.b5 d6 11.a4 Nbd7 12.Re1 c5 13.bxc6 Bxc6 14.Bb2 Qc7 15.Nb1 Rac8
16.Na3 Qb7 17.Rc1 d5 18.Ne5 Bb4 19.Rf1 Nxe5 20.dxe5 Nd7 21.cxd5 exd5 22.f4 Nc5
23.Nb5 Bxb5 24.axb5 Ne4 25.Qd3 Bc5+ 26.e3 Rcd8 27.Rfd1 f5 28.exf6 gxf6 29.Bxe4 Rxe4
30.Qxe4 dxe4 31.Rxd8+ Kf7 32.Kf2 Qc7 33.Rd5 Qc8 34.f5 Qe8 35.Rcxc5 bxc5 36.Rxc5 Qb8
37.Kg2 a4 38.g4 a3 39.Bd4 a2 40.h4 Qd6 41.Rc1 Qa3 42.Rc7+ Ke8 43.b6 a1=Q
44.Bxa1 Qxa1 45.b7 Qb2+ 46.Kh3 h5 47.Rc8+ Kd7 48.b8=Q hxg4+ 49.Kg3  1-0

[Event "FSIM June"]
[Site "Budapest HUN"]
[Date "2003.06.14"]
[Round "8"]
[White "Husari,Sa"]
[Black "Werner,Di"]
[Result "1/2-1/2"]
[WhiteElo "2334"]
[BlackElo "2359"]

1.d4 Nf6 2.c4 e6 3.Nf3 Bb4+ 4.Nbd2 b6 5.a3 Bxd2+ 6.Qxd2 a5 7.b3 Bb7 8.e3 d6
9.Be2 Qe7 10.Bb2 Nbd7 11.Qc2 O-O 12.O-O Ne4 13.Nd2 Nxd2 14.Qxd2 f5 15.Bc3 e5
16.d5 Nc5 17.Qb2 Ne4 18.Rfe1 Qg5 19.b4 axb4 20.axb4 b5 21.Ra5 bxc4 22.Bxc4 Rfb8  1/2-1/2

[Event "FIDE Open"]
[Site "Voronezh RUS"]
[Date "2003.06.17"]
[Round "5"]
[White "Lakhno,K"]
[Black "Karpov,Va"]
[Result "1/2-1/2"]
[WhiteElo "2294"]
[BlackElo "2282"]

1.d4 e6 2.c4 Nf6 3.Nf3 Bb4+ 4.Nbd2 b6 5.a3 Bxd2+ 6.Bxd2 Bb7 7.Bg5 d6 8.e3 Nbd7
9.Nd2 c5 10.f3 O-O 11.Bd3 d5 12.O-O Re8 13.Rc1 h6 14.Bh4 cxd4 15.exd4 e5
16.cxd5 exd4 17.Bb5 Bxd5 18.Bxf6 gxf6 19.Qa4 Nc5 20.Qxd4 Re5 21.Rfd1 Qb8
22.Qh4 Rg5 23.Bf1 Ne6 24.Ne4 Bxe4 25.Qxe4 Qf8 26.f4 Rc5 27.b4 Rxc1 28.Rxc1 Rc8
29.Rd1 Rd8 30.Rd3 Rxd3 31.Bxd3 Qd6 32.g3 Kf8 33.Kf2 a5 34.Ke3 axb4 35.axb4 Nc7
36.Kf3 Ne6 37.Kg4 Ng7 38.Kh4 Ne6 39.Bf1 Nd4 40.Bc4 f5 41.Qd5 Qxd5 42.Bxd5 Nc2
43.b5 Nd4 44.Bc4 Kg7 45.Kh5 Nf3 46.h3 Nd4 47.Bd3 f6 48.h4 Kh7 49.g4 Kg7 50.gxf5 Nb3
51.Kg4 Kf8  1/2-1/2

[Event "zt 3.2a"]
[Site "Ho Chi Minh City VIE"]
[Date "2003.06.23"]
[Round "3"]
[White "Irwanto,S"]
[Black "Torre,E"]
[Result "1/2-1/2"]
[WhiteElo "2405"]
[BlackElo "2520"]

1.d4 Nf6 2.Nf3 e6 3.c4 Bb4+ 4.Nbd2 b6 5.a3 Bxd2+ 6.Bxd2 Bb7 7.Bg5 d6 8.e3 Nbd7
9.Nd2 c5 10.f3 cxd4 11.exd4 O-O 12.Bd3 e5 13.Be4 d5 14.Bxd5 Bxd5 15.cxd5 exd4
16.Ne4 h6 17.Bxf6 Nxf6 18.Qxd4 Nxd5 19.O-O Nf4 20.Qe3 Qc7 21.g3 Ne6 22.Rac1 Qe5
23.f4 Qxb2 24.f5 Qd4 25.Kf2 Qxe3+ 26.Kxe3 Ng5 27.Nxg5 hxg5 28.Rc7 Rfe8+ 29.Kf3 Re5
30.Kg4 Ra5 31.Rf3 Rd8 32.Kxg5 Rd6 33.Rc8+ Kh7 34.Kg4 Rd4+ 35.Kh3 Rda4 36.Rc7 f6
37.Rd3 Rxf5 38.Rdd7 Rg5  1/2-1/2

[Event "White Nights"]
[Site "St Petersburg RUS"]
[Date "2003.06.30"]
[Round "2"]
[White "Shinkevich,V"]
[Black "Andreikin,D"]
[Result "1/2-1/2"]
[WhiteElo "2457"]
[BlackElo "2402"]

1.d4 Nf6 2.Nf3 e6 3.c4 Bb4+ 4.Nbd2 O-O 5.a3 Be7 6.e4 d6 7.Bd3 Nbd7 8.O-O e5
9.Re1 c5 10.dxc5 Nxc5 11.Bc2 Bd7 12.Nf1 a6 13.Ng3 b5 14.cxb5 axb5 15.Be3 Qb8
16.Qd2 Rd8 17.h3 Be6 18.Bg5 h6 19.Bh4 Qb7 20.b4 Ncd7 21.Nh5 Kf8 22.Nxf6 Nxf6
23.Qe2 g5 24.Bg3 Rdc8 25.Bd3 Rc3 26.h4 g4 27.Nxe5 dxe5  1/2-1/2

[Event "FSIM July"]
[Site "Budapest HUN"]
[Date "2003.07.05"]
[Round "1"]
[White "Reiss,T"]
[Black "Ragger,M"]
[Result "1/2-1/2"]
[WhiteElo "2343"]
[BlackElo "2347"]

1.d4 Nf6 2.c4 e6 3.Nf3 Bb4+ 4.Nbd2 b6 5.a3 Bxd2+ 6.Bxd2 Bb7 7.Bg5 h6 8.Bh4 d6
9.e3 Nbd7 10.Be2 Qe7 11.b4 g5 12.Bg3 Ne4 13.Rc1 Ndf6 14.c5 h5 15.Bb5+ Kf8
16.c6 Bc8 17.h4 Nxg3  1/2-1/2

[Event "32nd TCh-GRE"]
[Site "Kallithea Chalkidiki GRE"]
[Date "2003.07.05"]
[Round "2"]
[White "Nikolaidis,I"]
[Black "Zysk,R"]
[Result "0-1"]
[WhiteElo "2478"]
[BlackElo "2436"]

1.d4 Nf6 2.c4 e6 3.Nf3 Bb4+ 4.Nbd2 b6 5.e3 Bb7 6.Bd3 O-O 7.O-O d5 8.a3 Be7
9.cxd5 exd5 10.b4 Nbd7 11.Bb2 c5 12.dxc5 bxc5 13.Nb3 cxb4 14.axb4 Bxb4 15.Nfd4 a5
16.Nf5 g6 17.Qf3 gxf5 18.Bxf5 Re8 19.Bxd7 Nxd7 20.Qg4+ Kf8 21.Qg7+ Ke7 22.Qg5+ f6
23.Qg7+ Kd6 24.Nd4 Kc7 25.Rfc1+ Kb8 26.Qxh7 Ra6 27.Nb5 Rc6 28.Qf5 Ne5 29.Qf4 Qb6
30.Rxc6 Qxc6 31.Nd4 Qb6 32.h4 Bd6 33.Ba3 Bxa3 34.Rxa3 Rc8 35.Kh2 Rc1 36.f3 Rc4
37.h5 Qd6 38.Ra1 Nxf3+ 39.gxf3 Qxf4+ 40.exf4 Rxd4 41.h6 Rc4 42.h7 Rc2+ 43.Kh3 Rc8
44.Rg1 Rh8 45.Rg8+ Bc8+  0-1

[Event "25th Open"]
[Site "Oberwart AUT"]
[Date "2003.07.08"]
[Round "4"]
[White "Chatalbashev,B"]
[Black "Neulinger,M"]
[Result "1-0"]
[WhiteElo "2509"]
[BlackElo "2381"]

1.d4 Nf6 2.c4 e6 3.Nf3 Bb4+ 4.Nbd2 O-O 5.a3 Bxd2+ 6.Bxd2 d6 7.Bg5 h6 8.Bh4 Nbd7
9.e3 e5 10.Be2 Re8 11.O-O g5 12.Bg3 Ne4 13.Qc2 Nxg3 14.fxg3 Qe7 15.d5 Nf8
16.Nd2 f5 17.Bh5 Rd8 18.g4 f4 19.g3 Qg7 20.gxf4 gxf4 21.exf4 Bxg4 22.Bxg4 Qxg4+
23.Kh1 Kh8 24.fxe5 dxe5 25.Rg1 Qh4 26.Raf1 Qe7 27.Nf3 Nd7 28.Qg6 Rf8 29.Qxh6+ Qh7
30.Qxh7+ Kxh7 31.Ng5+ Kh6 32.Nf7+  1-0

[Event "13th S&WYM"]
[Site "Millfield School ENG"]
[Date "2003.07.11"]
[Round "3"]
[White "Palliser,R"]
[Black "Gordon,S"]
[Result "0-1"]
[WhiteElo "2438"]
[BlackElo "2216"]

1.d4 Nf6 2.c4 e6 3.Nf3 Bb4+ 4.Nbd2 b6 5.a3 Bxd2+ 6.Bxd2 Bb7 7.Bg5 d6 8.e3 Nbd7
9.Bd3 h6 10.Bh4 g5 11.Bg3 h5 12.h4 g4 13.Ng5 Bxg2 14.Rg1 Bb7 15.Qc2 Qe7 16.O-O-O e5
17.Bf5 a5 18.c5 bxc5 19.Bxd7+ Nxd7 20.dxe5 Nxe5 21.Qb3 Bc6 22.Bxe5 dxe5 23.Rd2 Rh6
24.Rgd1 Rd6 25.Qc2 O-O-O 26.Qf5+ R8d7 27.Ne4 Rxd2 28.Rxd2 Bxe4 29.Rxd7 Qxd7
30.Qxe4 Qe6 31.Qa8+ Kd7 32.Qxa5 Qc4+ 33.Kd2 Qf1 34.Qxc5 Qxf2+ 35.Kc3 Qf3
36.Qxe5 Qc6+ 37.Kd4 Qd6+ 38.Qxd6+ Kxd6 39.Ke4 Kc5 40.b3 Kb5 41.Kd3 c5 42.e4 f6
43.Ke3 c4 44.a4+ Kc5  0-1

[Event "Open"]
[Site "Ikaros GRE"]
[Date "2003.07.14"]
[Round "3"]
[White "Dorfanis,I"]
[Black "Szymanski,M"]
[Result "0-1"]
[WhiteElo "2156"]
[BlackElo "2407"]

1.d4 e6 2.c4 Nf6 3.Nf3 Bb4+ 4.Nbd2 O-O 5.a3 Be7 6.e4 d5 7.e5 Nfd7 8.cxd5 exd5
9.b4 a5 10.b5 c5 11.Bd3 cxd4 12.Nb3 a4 13.Nbxd4 Nc5 14.Bc2 Nbd7 15.O-O Nb6
16.Nf5 Bxf5 17.Bxf5 Nb3 18.Ra2 g6 19.Bc2 Nxc1 20.Qxc1 Qc7 21.Qb1 Nc4 22.Qd1 Nb6
23.Qb1 Kg7 24.h4 Qc4 25.Rd1 Ra5 26.Bd3 Qb3 27.Qa1 Rc8 28.h5 Qc3 29.Qb1 Nc4
30.Bxc4 Rxc4 31.Rxd5 Bxa3 32.Kh2 Qb3 33.Qa1 Rc3 34.Rd7 Rxb5 35.Nd4 Bb2 36.Nxb3 Bxa1
37.Nxa1 Rxe5 38.Rxb7 Rxh5+  0-1

[Event "Canadian Open"]
[Site "Kapuskasing CAN"]
[Date "2003.07.18"]
[Round "8"]
[White "Cramling,P"]
[Black "Moiseenko,A"]
[Result "0-1"]
[WhiteElo "2488"]
[BlackElo "2618"]

1.d4 Nf6 2.Nf3 e6 3.c4 Bb4+ 4.Nbd2 b6 5.e3 Bb7 6.Bd3 O-O 7.O-O d5 8.a3 Be7
9.b4 c5 10.bxc5 bxc5 11.Rb1 Ba6 12.Ne5 cxd4 13.exd4 dxc4 14.Ndxc4 Nbd7 15.Nc6 Qe8
16.Qf3 Nd5 17.a4 N7f6 18.Nxe7+ Nxe7 19.Ba3 Nfd5 20.Ne5 Qxa4 21.Bxa6 Qxa6
22.Ra1 Qc8 23.Rfc1 Qe8 24.Bc5 a5 25.Qd3 f6 26.Nc4 a4 27.Rab1 Qd7 28.Nb6 Nxb6
29.Rxb6 Nd5 30.Rd6 Qf7 31.Re1 Rfe8 32.h3 h6 33.Qf3 Nc7 34.Rb1 Nd5 35.Re1 f5
36.Kh2 Kh7 37.Rc6 Rab8 38.Ra6 Rb3 39.Qd1 Qc7+ 40.Kg1 Nf4 41.Rd6 Qb7 42.f3 Rb2
43.Kh1 Rxg2 44.Rb6 Qf7  0-1

[Event "BCSA Open"]
[Site "Batumi GEO"]
[Date "2003.07.20"]
[Round "4"]
[White "Nigalidze,G"]
[Black "Maglaperidze,G"]
[Result "1-0"]
[WhiteElo "2137"]
[BlackElo "2098"]

1.d4 Nf6 2.c4 e6 3.Nf3 Bb4+ 4.Nbd2 b6 5.g3 Bb7 6.Bg2 d6 7.O-O Bxd2 8.Qxd2 O-O
9.a3 Nbd7 10.b4 Qe7 11.Qc2 c5 12.bxc5 dxc5 13.Bb2 Rac8 14.dxc5 Be4 15.Qa4 Nxc5
16.Qb4 Nfd7 17.Rac1 f6 18.Rfd1 Rfd8 19.Nd4 Bxg2 20.Kxg2 Ne5 21.f3 Nc6 22.Qb5 Ne5
23.a4 Qc7 24.a5 bxa5 25.Ba3 a6 26.Qxc5 Qxc5 27.Bxc5 Rxc5 28.Nxe6 Rxd1 29.Rxd1 Rxc4
30.f4 Nc6 31.Rd7 Re4 32.f5 Rxe2+ 33.Kf1 Rc2 34.Rxg7+ Kh8 35.Rf7 h5 36.Rf8+ Kh7
37.Rxf6 a4 38.Rf7+ Kh8 39.Ng5 Rc5 40.Rf8+ Kg7 41.Ne6+  1-0

[Event "BCSA Open"]
[Site "Batumi GEO"]
[Date "2003.07.22"]
[Round "6"]
[White "Khurtsidze,N"]
[Black "Khukhashvili,S"]
[Result "1-0"]
[WhiteElo "2440"]
[BlackElo "2320"]

1.d4 Nf6 2.c4 e6 3.Nf3 Bb4+ 4.Nbd2 b6 5.e3 Bb7 6.Bd3 O-O 7.O-O c5 8.a3 Bxd2
9.Bxd2 d6 10.b4 Nbd7 11.Bc3 Qe7 12.Nd2 Rac8 13.Rc1 Rc7 14.Re1 Re8 15.Qb3 Ba8
16.e4 cxd4 17.Bxd4 e5 18.Bb2 Nf8 19.Nf1 g6 20.f3 Rec8 21.Ne3 Nh5 22.Bf1 Ne6
23.Red1 Rd8 24.Nd5 Bxd5 25.cxd5 Rxc1 26.Rxc1 Nf8 27.Rc6 f5 28.Qc2 fxe4 29.fxe4 Rd7
30.g3 Qf6 31.Qf2 Qxf2+ 32.Kxf2 Nf6 33.Bh3 Re7 34.Kf3 Ne8 35.Bc1 Kg7 36.a4 Nd7
37.Bg5 Ndf6 38.Be6 h6 39.Be3 Rb7 40.h4 Nh7 41.a5 bxa5 42.bxa5 Nhf6 43.Ra6 Rb4
44.Rxa7+ Kh8 45.Re7 Ng7 46.a6 Kh7 47.a7 Ra4 48.Rf7 Ne8 49.Rb7 Ra3  1-0

[Event "KB Czech Open"]
[Site "Pardubice CZE"]
[Date "2003.07.22"]
[Round "5"]
[White "Mikrut,D"]
[Black "Kholmov,R"]
[Result "1/2-1/2"]
[WhiteElo "2390"]
[BlackElo "2450"]

1.d4 Nf6 2.c4 e6 3.Nf3 Bb4+ 4.Nbd2 O-O 5.e3 d5 6.a3 Be7 7.Bd3 b6 8.O-O Bb7
9.cxd5 exd5 10.b4 Nbd7 11.Bb2 c5 12.dxc5 bxc5 13.Rb1 cxb4 14.axb4 Ne4 15.Bd4 Bd6
16.Qc2 Qe7 17.Qb2 f5 18.Nb3 Nb6 19.Na5 Rab8 20.Nxb7 Rxb7 21.Qb3 Kh8 22.b5 Nc5
23.Bxc5 Bxc5 24.Qc2 g6 25.Qc3+ Kg8 26.Nd4 Bxd4 27.Qxd4 Qf6 28.Qxf6 Rxf6 29.Rfc1 Kf7
30.Rb4  1/2-1/2

[Event "BCSA Open"]
[Site "Batumi GEO"]
[Date "2003.07.24"]
[Round "8"]
[White "Charkhalashvili,I"]
[Black "Benidze,D"]
[Result "1-0"]
[WhiteElo "2305"]
[BlackElo "2146"]

1.d4 Nf6 2.c4 e6 3.Nf3 Bb4+ 4.Nbd2 d6 5.e3 O-O 6.Bd3 Qe7 7.O-O Bxd2 8.Nxd2 e5
9.b3 Nbd7 10.Bb2 Re8 11.Rc1 Nf8 12.dxe5 dxe5 13.Qc2 c6 14.Qc3 Ng6 15.Bb1 Nd7
16.Ne4 Nc5 17.Ng3 f6 18.Ba3 b6 19.Qc2 Qc7 20.h4 Be6 21.h5 Nf8 22.Qc3 Bf7
23.f4 exf4 24.exf4 h6 25.Bb2 Nce6 26.Nf5 Nh7 27.Qg3 Kh8 28.Qg4 Rad8 29.Rce1 Bg8
30.Nxh6 gxh6 31.Bxh7 Qxh7 32.Bxf6+ Ng7 33.Bxd8 Rxd8 34.Re7 Rf8 35.Qd7 Rf6
36.Qxa7 b5 37.cxb5 cxb5 38.f5 Rxf5 39.Rxf5 Qxf5 40.Rxg7 Qe5 41.Re7 Qf4 42.Qe3  1-0

[Event "MTO"]
[Site "Biel SUI"]
[Date "2003.07.25"]
[Round "5"]
[White "Grooten,H"]
[Black "Kritz,L"]
[Result "0-1"]
[WhiteElo "2402"]
[BlackElo "2522"]

1.d4 Nf6 2.c4 e6 3.Nf3 Bb4+ 4.Nbd2 b6 5.a3 Bxd2+ 6.Bxd2 Bb7 7.Bg5 h6 8.Bh4 d6
9.e3 Nbd7 10.Be2 Qe7 11.O-O g5 12.Bg3 Ne4 13.Nd2 Nxg3 14.fxg3 O-O 15.g4 f5
16.Qc2 Nf6 17.h3 Kg7 18.Rf2 fxg4 19.hxg4 Rf7 20.Nf1 Be4 21.Qc3 Raf8 22.Ng3 Nd5
23.cxd5 Rxf2 24.Nxe4 Rxe2 25.Ng3 Ref2 26.dxe6 Qxe6 27.Nf5+ R2xf5 28.gxf5 Rxf5
29.Qxc7+ Rf7 30.Qc3 Qf5 31.Qe1 Qc2 32.b4 Re7 33.Qg3 Qc3 34.Re1 Re6 35.Kh2 Qxa3
36.d5 Rf6 37.Rd1 Qxb4 38.Rd4 Qb1 39.Rc4 Qf5 40.Rc7+ Kg6 41.Rxa7 Qxd5 42.Ra4 b5
43.Rb4 Qc5 44.Qe1 Kg7 45.Qd2 Rf2 46.Qd4+ Qxd4 47.Rxd4 Rf7 48.Rxd6 Rb7 49.Kg3 b4
50.Rd2 b3 51.Rb2 Kf6 52.Kf3 Ke5 53.g4 Kd5 54.Ke2 Ke4 55.Kd1 Kxe3  0-1

[Event "Independence Cup"]
[Site "Kyiv UKR"]
[Date "2003.08.14"]
[Round "2"]
[White "Papenin,N"]
[Black "Sluzhbina,A"]
[Result "1-0"]
[WhiteElo "2415"]
[BlackElo "1925"]

1.d4 Nf6 2.Nf3 e6 3.c4 Bb4+ 4.Nbd2 O-O 5.g3 d6 6.Bg2 Nc6 7.O-O Bxd2 8.Bxd2 e5
9.d5 Ne7 10.Ne1 Ne8 11.f4 c6 12.Bc3 Qc7 13.Nd3 Nf5 14.Qd2 Qb6+ 15.Rf2 Nf6
16.e4 cxd5 17.exf5 e4 18.Bxf6 gxf6 19.Qc3 d4 20.Qa3 Bxf5 21.g4 e3 22.Rf3 Be4
23.Rg3 Bxg2 24.Rxg2 Qc6 25.Qb3 Qe4 26.Nb4 Kh8 27.Qd3 Qxf4 28.Rf1 Qe5 29.Rf5 Qe6
30.Rh5 f5 31.gxf5 Qe5 32.Qe2 Qf4 33.Nd5 d3 34.Rxh7+  1-0

[Event "ADCF Masters"]
[Site "Abu Dhabi UAE"]
[Date "2003.08.19"]
[Round "4"]
[White "Sargissian,G"]
[Black "Bagheri,A"]
[Result "1-0"]
[WhiteElo "2600"]
[BlackElo "2500"]

1.d4 Nf6 2.c4 e6 3.Nf3 Bb4+ 4.Nbd2 b6 5.a3 Bxd2+ 6.Qxd2 Bb7 7.e3 d6 8.Be2 Nbd7
9.O-O O-O 10.b3 Qe7 11.Bb2 Ne4 12.Qc2 c5 13.Nd2 f5 14.Nxe4 fxe4 15.b4 e5
16.Rad1 exd4 17.exd4 e3 18.f3 Rae8 19.Rd3 Rf7 20.dxc5 dxc5 21.Rfd1 Nf8 22.Qa4 Ng6
23.Qxe8+ Qxe8 24.Rd8 Qxd8 25.Rxd8+ Rf8 26.Rxf8+ Kxf8 27.g3 Ne7 28.bxc5 bxc5
29.Bc1 Nf5 30.Bd3 Nd4 31.Bxe3 Bxf3 32.Kf2 Bh5 33.Bxh7 Ke7 34.Be4 Bf7 35.Bxd4 cxd4
36.c5 Ke6 37.h4 Ke5 38.Bf3 Bc4 39.c6 Ba6 40.Ke1 Kd6 41.h5 Bc8 42.Kd2 Ke5
43.g4 Kf4 44.c7 Ke5 45.g5 Kf5 46.h6 gxh6 47.gxh6 Kg6 48.Kd3 Kxh6 49.Kxd4 Kg7
50.Ke5 Kf7 51.Kd6  1-0

[Event "Open"]
[Site "Vienna AUT"]
[Date "2003.08.22"]
[Round "7"]
[White "Korchnoi,V"]
[Black "Dizdarevic,E"]
[Result "0-1"]
[WhiteElo "2628"]
[BlackElo "2486"]

1.d4 Nf6 2.c4 e6 3.Nf3 Bb4+ 4.Nbd2 b6 5.g3 Bb7 6.Bg2 c5 7.O-O cxd4 8.Nb3 Be7
9.Nbxd4 O-O 10.Bf4 a6 11.Rc1 d6 12.Nb3 Ra7 13.h3 Ba8 14.Be3 Nc6 15.a3 Qb8
16.Nbd2 Nd7 17.b4 Rc8 18.Qa4 Nce5 19.Rfd1 Bc6 20.Qb3 Rac7 21.Nxe5 Nxe5 22.Bxc6 Rxc6
23.f4 Nd7 24.Nf3 b5 25.c5 Nf6 26.cxd6 Rxd6 27.Rxc8+ Qxc8 28.Rxd6 Bxd6 29.Qd3 Qc6
30.Bd4 Ne4 31.Kh2 h6 32.Be5 Be7 33.Nd4 Qb7 34.Qc2 Bd6 35.Nc6 Bxe5 36.fxe5 Nd2
37.Qc5 Nf1+ 38.Kg2 Ne3+ 39.Kf2 Nc4 40.a4 Kh7 41.axb5 axb5 42.Nd4 Qe4 43.Nf3 Qb7
44.g4 Kg8 45.h4 g6 46.Kg3 Kg7 47.Kf4 Nb6 48.e4 Na4 49.Qc2 Nb6 50.Qd3 Nc4
51.Qd4 Qa8 52.h5 g5+ 53.Kg3 Qa3 54.Kg2 Qxb4 55.Qf2 Qc3  0-1

[Event "XI Open A"]
[Site "Mislata ESP"]
[Date "2003.08.25"]
[Round "6"]
[White "Cramling,P"]
[Black "Camarena Gimenez,R"]
[Result "1-0"]
[WhiteElo "2488"]
[BlackElo "2368"]

1.d4 Nf6 2.Nf3 e6 3.c4 Bb4+ 4.Nbd2 b6 5.e3 Bb7 6.Bd3 O-O 7.O-O d5 8.a3 Be7
9.b4 c5 10.bxc5 bxc5 11.Rb1 Ba6 12.Ne5 cxd4 13.exd4 Qc8 14.Qf3 Nc6 15.Bb2 Na5
16.Rfc1 Nxc4 17.Ndxc4 dxc4 18.Nxc4 Bb7 19.Qh3 Qd8 20.d5  1-0

[Event "Open"]
[Site "Porto San Giorgo ITA"]
[Date "2003.08.26"]
[Round "6"]
[White "Chatalbashev,B"]
[Black "Ciuksyte,D"]
[Result "1-0"]
[WhiteElo "2509"]
[BlackElo "2375"]

1.d4 Nf6 2.c4 e6 3.Nf3 Bb4+ 4.Nbd2 O-O 5.a3 Bxd2+ 6.Bxd2 Ne4 7.g3 d6 8.Be3 Nd7
9.Bg2 f5 10.O-O Qe8 11.Qc2 Qh5 12.Ne1 e5 13.Nd3 Nef6 14.f3 e4 15.Nf2 Re8
16.fxe4 fxe4 17.h3 Nf8 18.g4 Qh4 19.Qd2 h6 20.g5 hxg5 21.Bxg5 Qh7 22.Qe3 Bf5
23.Bxf6 gxf6 24.Nh1 Nd7 25.Rf4 Re7 26.Ng3 Bxh3 27.Kf2 Bxg2 28.Nf5 Ree8 29.Rg1 Kf7
30.Rxg2 Rg8 31.Qxe4 Rxg2+ 32.Qxg2 Re8 33.Qd5+ Kf8 34.Rh4 Qg8 35.Qh1 Qg6 36.e4 Nb6
37.Rh8+ Kf7 38.Rh7+  1-0

[Event "Acropolis WGM"]
[Site "Athens GRE"]
[Date "2003.08.28"]
[Round "4"]
[White "Khurtsidze,N"]
[Black "Partac,E"]
[Result "1/2-1/2"]
[WhiteElo "2440"]
[BlackElo "2253"]

1.d4 Nf6 2.c4 e6 3.Nf3 Bb4+ 4.Nbd2 b6 5.e3 Bb7 6.Bd3 O-O 7.O-O d5 8.a3 Be7
9.b4 c5 10.cxd5 Nxd5 11.bxc5 bxc5 12.Qc2 h6 13.dxc5 Nd7 14.c6 Rc8 15.Nd4 Ne5
16.Bb5 a6 17.Qb3 Nxc6 18.Nxc6 Bxc6 19.Bxa6 Ra8 20.Bc4 Bf6 21.Bb2 Rb8 22.Bxf6 Qxf6
23.Qd3 Rfd8 24.Bxd5 Bb5 25.Qc2 Bxf1 26.Rxf1 Rxd5 27.Nf3 Ra8 28.h3 Rxa3 29.Rb1 Ra1
30.Qc8+ Kh7 31.Qc2+ g6 32.Rxa1 Qxa1+ 33.Kh2 Rd1 34.Qc7 Rh1+ 35.Kg3 Qf6 36.Qd6 Kg7
37.Qc7 h5 38.h4 Qf5 39.Qc3+ Qf6 40.Qc7 Rd1 41.Qb8 Rd5 42.e4 Rd3 43.Qb5 Rc3
44.Qa5 Rc4 45.Qe1 e5 46.Qe3 Qe6 47.Nh2 Rd4 48.f3 Qd6 49.Nf1 Rd1 50.Qe2 Qd3
51.Kf2 f5 52.Qxd3 Rxd3 53.exf5 gxf5 54.Ke2 Ra3 55.Ne3 Ra2+ 56.Kf1 Kf6 57.Nd5+ Ke6
58.Nc7+ Kd7 59.Nd5 Ke6 60.Nc7+ Kf7 61.Nd5 f4 62.Nc3 Ra1+ 63.Kf2 Rh1 64.Ne4 Ra1
65.Ng5+ Kg6 66.Ne4 Rd1 67.Ke2 Rd4 68.Ng5 Kf5 69.Ke1 Ra4 70.Ke2 Ra2+ 71.Kf1 Ra1+
72.Kf2 Ra2+  1/2-1/2

[Event "TCh-BIH"]
[Site "Neum BIH"]
[Date "2003.08.28"]
[Round "8"]
[White "Zivanic,M"]
[Black "Kovacevic,B"]
[Result "1/2-1/2"]
[WhiteElo "2415"]
[BlackElo "2454"]

1.d4 e6 2.c4 Bb4+ 3.Nd2 Nf6 4.Nf3 b6 5.g3 Bb7 6.Bg2 O-O 7.a3 Bxd2+ 8.Qxd2 d6
9.O-O Nbd7 10.b3 Ne4 11.Qc2 f5 12.Ng5 Nxg5 13.Bxb7 Rb8 14.Bg2 Qf6 15.e3 c5
16.f4 Nf7 17.Bb2 Qh6 18.e4 Nf6 19.Rae1 Nxe4 20.Bxe4 fxe4 21.Qxe4 Rfe8 22.Re2 cxd4
23.Qxd4 Re7 24.Rfe1 Rbe8 25.a4 e5 26.Qd5 Qe6 27.Qe4 Qc8 28.Ba3 Qb7 29.Qxb7 Rxb7
30.Rd1 Rbe7 31.Bxd6 Nxd6 32.Rxd6 exf4 33.Rxe7 Rxe7 34.gxf4 Re3 35.Rd8+ Kf7
36.Rd7+ Kf6 37.b4 Re4 38.Rc7 a5 39.b5 Rxf4 40.Kg2 h5 41.Rc6+ Kf7 42.Kg3 g5
43.Rc7+ Kf6 44.Rc6+ Kf7 45.Rc7+  1/2-1/2

[Event "Polish Extraleague"]
[Site "Lubniewice POL"]
[Date "2003.09.01"]
[Round "3"]
[White "Worek,J"]
[Black "Erenska,H"]
[Result "1-0"]
[WhiteElo "2241"]
[BlackElo "2244"]

1.Nf3 Nf6 2.d4 e6 3.c4 Bb4+ 4.Nbd2 b6 5.a3 Bxd2+ 6.Bxd2 Bb7 7.Bg5 h6 8.Bh4 d6
9.Qc2 Nbd7 10.Rd1 Qe7 11.e3 e5 12.d5 g5 13.Bg3 Bc8 14.Nd2 e4 15.Be2 Nf8 16.b4 Ng6
17.c5 dxc5 18.Nc4 O-O 19.d6 Qe6 20.dxc7 Nd5 21.bxc5 bxc5 22.Nd6 Nxc7 23.Nxe4 Qb6
24.O-O Be6 25.Rd6 Qa5 26.Nxc5 Rac8 27.Ne4 Ne8 28.Qb2 Nxd6 29.Bxd6 f5 30.Bxf8 Rxf8
31.Nf6+ Kf7 32.Nh7 Qe5 33.Qb7+ Ne7 34.Bh5+ Kg8 35.Qxe7  1-0